[Event "Madrid ch Veteranos 2122"]
[Site "Madrid ESP"]
[Date "2022.04.05"]
[Round "7.15"]
[White "Vinas Lopez, Carlos"]
[Black "Jimenez Gonzalez, Marcos"]
[Result "1-0"]
[WhiteElo "1860"]
[BlackElo "1761"]
[PlyCount "103"]
[EventDate "2022.03.28"]
[EventType "swiss"]
[EventRounds "9"]
[EventCountry "ESP"]
[SourceTitle "Ajedrez en Madrid"]
[Source "lmi"]
[SourceDate "2022.03.28"]
[SourceVersion "1"]
[SourceVersionDate "2022.04.18"]
[SourceQuality "1"]

1. d4 d6 2. Nf3 Nf6 3. c4 Nbd7 4. Nc3 e5 5. e4 Be7 6. Be2 O-O 7. O-O c6 8. Qc2
Qc7 9. h3 a6 10. Be3 Re8 11. d5 cxd5 12. cxd5 b5 13. a3 Bb7 14. Rac1 Rac8 15.
Qb1 Qb8 16. b4 Rc7 17. Nd2 Rec8 18. Na2 Bd8 19. f3 Nh5 20. Rxc7 Rxc7 21. Rc1
Qc8 22. Rxc7 Bxc7 23. Qc1 Nf4 24. Bf1 Qd8 25. g3 Ng6 26. Nb3 Nf6 27. Nc3 Nh5
28. Ne2 Bc8 29. Kh2 Bd7 30. Qc2 h6 31. Nbc1 Bb6 32. Qc3 Ne7 33. g4 Nf4 34. Nxf4
exf4 35. Bxf4 Ng6 36. Bxd6 Bxg4 37. Bg3 Bh5 38. Ne2 Qg5 39. Qc8+ Kh7 40. Qf5
Qd2 41. Qxh5 Be3 42. Qf5 Kg8 43. Qc8+ Kh7 44. Qf5 Kg8 45. Qc8+ Kh7 46. Qc3 Qd1
47. Qxe3 Qxf1 48. d6 h5 49. d7 Qd1 50. Nd4 h4 51. Bf2 Qf1 52. Qe1 1-0

[Event "Madrid ch Veteranos 2122"]
[Site "Madrid ESP"]
[Date "2022.04.05"]
[Round "7.16"]
[White "Hurtado Garrido, Reyes"]
[Black "Vazquez Gonzalez, Francisco"]
[Result "1/2-1/2"]
[WhiteElo "1622"]
[BlackElo "1851"]
[PlyCount "75"]
[EventDate "2022.03.28"]
[EventType "swiss"]
[EventRounds "9"]
[EventCountry "ESP"]
[SourceTitle "Ajedrez en Madrid"]
[Source "lmi"]
[SourceDate "2022.03.28"]
[SourceVersion "1"]
[SourceVersionDate "2022.04.18"]
[SourceQuality "1"]

1. d4 f5 2. Nf3 Nf6 3. Bf4 d6 4. c3 g6 5. e3 Bg7 6. Qb3 c6 7. Nbd2 Na6 8. h4
Nc7 9. Ng5 Ncd5 10. Be2 h6 11. Nh3 a5 12. a4 Rb8 13. c4 Nb4 14. c5 Ne4 15. Rd1
Nxd2 16. Rxd2 Nd5 17. Bg3 Ra8 18. Nf4 Nxf4 19. Bxf4 d5 20. Bd3 Qd7 21. g4 e6
22. Qb6 O-O 23. Qc7 Qe8 24. g5 Rf7 25. Qb6 h5 26. Be5 Rd7 27. Bxg7 Kxg7 28. f4
Qd8 29. Qxd8 Rxd8 30. Rc2 Bd7 31. Kd2 Rdb8 32. Rc3 b6 33. cxb6 Rxb6 34. b3 Rab8
35. Bc2 Kf7 36. Rc5 Rd8 37. Kc3 Ke7 38. Rb1 1/2-1/2

[Event "Madrid ch Veteranos 2122"]
[Site "Madrid ESP"]
[Date "2022.04.05"]
[Round "7.17"]
[White "Marin Lopez, Juan Jose"]
[Black "Yeves Miquel, Enrique"]
[Result "1/2-1/2"]
[WhiteElo "1707"]
[BlackElo "1832"]
[PlyCount "29"]
[EventDate "2022.03.28"]
[EventType "swiss"]
[EventRounds "9"]
[EventCountry "ESP"]
[SourceTitle "Ajedrez en Madrid"]
[Source "lmi"]
[SourceDate "2022.03.28"]
[SourceVersion "1"]
[SourceVersionDate "2022.04.18"]
[SourceQuality "1"]

1. e4 e6 2. d4 d5 3. exd5 exd5 4. Nf3 Bd6 5. Bd3 Bg4 6. O-O Ne7 7. Re1 Qd7 8.
Be3 Nbc6 9. Nbd2 O-O 10. c3 Bf5 11. Qc2 Bxd3 12. Qxd3 Qf5 13. Qxf5 Nxf5 14. Re2
f6 15. Rae1 1/2-1/2

[Event "Madrid ch Veteranos 2122"]
[Site "Madrid ESP"]
[Date "2022.04.05"]
[Round "7.18"]
[White "Martin Sanchez, Pablo"]
[Black "De Luna Butz, Alberto"]
[Result "1-0"]
[WhiteElo "1766"]
[BlackElo "1638"]
[PlyCount "85"]
[EventDate "2022.03.28"]
[EventType "swiss"]
[EventRounds "9"]
[EventCountry "ESP"]
[SourceTitle "Ajedrez en Madrid"]
[Source "lmi"]
[SourceDate "2022.03.28"]
[SourceVersion "1"]
[SourceVersionDate "2022.04.18"]
[SourceQuality "1"]

1. e4 e6 2. d4 d5 3. e5 c5 4. Nf3 cxd4 5. Nxd4 Nc6 6. Bb5 Bd7 7. Bxc6 bxc6 8.
O-O Ne7 9. f4 Qb6 10. Kh1 Nf5 11. Nxf5 exf5 12. Nc3 Be7 13. b3 Be6 14. Bb2 O-O
15. Rf3 Rfd8 16. a4 c5 17. Ba3 d4 18. Ne2 Bd5 19. Rh3 Qb7 20. Qf1 Be4 21. Ra2
Rac8 22. Ng3 g6 23. Nxe4 Qxe4 24. Rd3 Bf8 25. Rd1 Bh6 26. Bc1 Qc6 27. h3 c4 28.
b4 a6 29. Qf2 Rb8 30. Rxd4 Rxd4 31. Qxd4 Qe4 32. Qxe4 fxe4 33. c3 Rd8 34. Rd2
Rd3 35. Rxd3 exd3 36. Kg1 Bf8 37. Kf1 f5 38. Be3 Be7 39. Kf2 Bd8 40. a5 Bc7 41.
Bd2 Kf7 42. Ke3 g5 43. g3 1-0

[Event "Madrid ch Veteranos 2122"]
[Site "Madrid ESP"]
[Date "2022.04.05"]
[Round "7.19"]
[White "Cano Mercado, Francisco Manuel"]
[Black "Lopez Heras, Arturo"]
[Result "1/2-1/2"]
[WhiteElo "1715"]
[BlackElo "1757"]
[PlyCount "110"]
[EventDate "2022.03.28"]
[EventType "swiss"]
[EventRounds "9"]
[EventCountry "ESP"]
[SourceTitle "Ajedrez en Madrid"]
[Source "lmi"]
[SourceDate "2022.03.28"]
[SourceVersion "1"]
[SourceVersionDate "2022.04.18"]
[SourceQuality "1"]

1. d4 g6 2. Bf4 d6 3. Nc3 Nf6 4. e4 Nbd7 5. Nf3 Bg7 6. Qd2 O-O 7. Bh6 e5 8.
dxe5 Nxe5 9. Nxe5 dxe5 10. Qxd8 Rxd8 11. Bxg7 Kxg7 12. f3 c6 13. Bd3 Be6 14.
O-O-O b5 15. Kb1 a5 16. Be2 Rd4 17. b3 a4 18. Kb2 a3+ 19. Kc1 Nd7 20. Rd2 Rxd2
21. Kxd2 Nb6 22. Kc1 b4 23. Nd1 c5 24. Ne3 Rc8 25. Rd1 c4 26. bxc4 Na4 27. Rd6
Nc3 28. Bd3 Nxa2+ 29. Kb1 Nc3+ 30. Ka1 Rb8 31. Ra6 b3 32. cxb3 Rxb3 33. Bc2 Rb4
34. Rxa3 Ne2 35. Bd3 Nc1 36. Bc2 Bxc4 37. Nxc4 Rxc4 38. Kb2 Ne2 39. Bb3 Rc7 40.
Bd5 Nf4 41. g3 Ne2 42. Rd3 Nd4 43. f4 f6 44. fxe5 fxe5 45. Rc3 Rd7 46. Ra3 g5
47. Rc3 g4 48. Rd3 h5 49. Rc3 Ra7 50. Rc8 Nf3 51. Rg8+ Kh7 52. Re8 Rc7 53. Re6
Kg7 54. Kb1 Nd2+ 55. Kb2 Nf3 1/2-1/2

[Event "Madrid ch Veteranos 2122"]
[Site "Madrid ESP"]
[Date "2022.04.05"]
[Round "7.20"]
[White "Perez Pascual, Arturo"]
[Black "Hernandez Gutierrez, Jose"]
[Result "1-0"]
[WhiteElo "1704"]
[BlackElo "1732"]
[PlyCount "56"]
[EventDate "2022.03.28"]
[EventType "swiss"]
[EventRounds "9"]
[EventCountry "ESP"]
[SourceTitle "Ajedrez en Madrid"]
[Source "lmi"]
[SourceDate "2022.03.28"]
[SourceVersion "1"]
[SourceVersionDate "2022.04.18"]
[SourceQuality "1"]

1. e4 c6 2. d4 d5 3. e5 c5 4. c3 Nc6 5. Bb5 cxd4 6. cxd4 Qb6 7. Nc3 e6 8. Bxc6+
bxc6 9. Nf3 Ba6 10. a3 Ne7 11. b4 Nf5 12. g4 Ne7 13. Na4 Qc7 14. Nc5 Bc4 15.
Nd2 Ng6 16. Nxc4 dxc4 17. O-O Bxc5 18. bxc5 Rd8 19. f4 Qd7 20. Be3 O-O 21. f5
exf5 22. gxf5 Ne7 23. Qg4 Kh8 24. Ra2 g6 25. Bg5 Rde8 26. Bf6+ Kg8 27. Qg5 Nxf5
28. Rxf5 Qxf5 1-0

[Event "Madrid ch Veteranos 2122"]
[Site "Madrid ESP"]
[Date "2022.04.05"]
[Round "7.21"]
[White "Lobato Palomo, Manuel"]
[Black "Pareja Vicente, Antonio"]
[Result "0-1"]
[WhiteElo "1716"]
[BlackElo "1604"]
[PlyCount "152"]
[EventDate "2022.03.28"]
[EventType "swiss"]
[EventRounds "9"]
[EventCountry "ESP"]
[SourceTitle "Ajedrez en Madrid"]
[Source "lmi"]
[SourceDate "2022.03.28"]
[SourceVersion "1"]
[SourceVersionDate "2022.04.18"]
[SourceQuality "1"]

1. d4 Nf6 2. Bf4 d6 3. Nf3 g6 4. Nc3 Nbd7 5. e4 Nh5 6. Be3 e5 7. dxe5 dxe5 8.
Qd2 c6 9. O-O-O Qa5 10. Bc4 h6 11. Qe2 b5 12. Bb3 Nhf6 13. Bd2 Qb6 14. Be3 Bc5
15. Bxc5 Qxc5 16. Rhe1 a5 17. a3 a4 18. Ba2 b4 19. axb4 Qxb4 20. Qc4 Qxc4 21.
Bxc4 a3 22. bxa3 Rxa3 23. Kb2 Ra8 24. Bb3 Ke7 25. h3 Bb7 26. Nd2 Nc5 27. Nc4
Nfd7 28. Nd6 Nxb3 29. cxb3 Rhb8 30. Nc4 Rd8 31. Na4 Rab8 32. Rd2 Ba6 33. Kc3
Bb5 34. Red1 Bxc4 35. Kxc4 Nf6 36. f3 Nh5 37. Nc5 Rxd2 38. Rxd2 Rd8 39. Rxd8
Kxd8 40. Nd3 f6 41. Kc5 Kc7 42. g4 Ng7 43. Kc4 Ne6 44. Nc5 Ng5 45. h4 Nxf3 46.
h5 gxh5 47. gxh5 Ng5 48. Kd3 Kd6 49. b4 Nh3 50. Ke3 Nf4 51. Kf3 Nxh5 52. Nd3
Ng7 53. Kg4 Ke6 54. Nc5+ Kf7 55. Nd7 Ke7 56. Nc5 Ne6 57. Nd3 Nf4 58. Nc5 Kd6
59. Kf3 h5 60. Kg3 Ke7 61. Kf3 h4 62. Kg4 h3 63. Kg3 Kf7 64. Nd7 Nd3 65. Kxh3
Nxb4 66. Nc5 Ke7 67. Kg4 Nc2 68. Kf3 Nd4+ 69. Ke3 Ne6 70. Nb3 Kd6 71. Nd2 Kc5
72. Kd3 Kb4 73. Ke3 c5 74. Kd3 c4+ 75. Kc2 Nc5 76. Nb1 Nxe4 0-1

[Event "Madrid ch Veteranos 2122"]
[Site "Madrid ESP"]
[Date "2022.04.05"]
[Round "7.22"]
[White "Marin Lopez, Jeronimo"]
[Black "Argelina Diaz, Juan Angel"]
[Result "1-0"]
[WhiteElo "1901"]
[BlackElo "1455"]
[PlyCount "135"]
[EventDate "2022.03.28"]
[EventType "swiss"]
[EventRounds "9"]
[EventCountry "ESP"]
[SourceTitle "Ajedrez en Madrid"]
[Source "lmi"]
[SourceDate "2022.03.28"]
[SourceVersion "1"]
[SourceVersionDate "2022.04.18"]
[SourceQuality "1"]

1. e4 e5 2. Nf3 Qf6 3. Nc3 c6 4. d4 exd4 5. Bg5 Qg6 6. Qxd4 Qd6 7. Qe3 Be7 8.
h4 h6 9. Bf4 Qc5 10. Qxc5 Bxc5 11. Bc4 b5 12. Bb3 Ne7 13. O-O a5 14. a3 O-O 15.
Rad1 Ng6 16. Bg3 a4 17. Ba2 Re8 18. e5 Na6 19. Ne4 d5 20. Nxc5 Nxc5 21. h5 Nf8
22. Nd4 Bd7 23. f3 Rac8 24. c3 Nfe6 25. Nf5 Rc7 26. Nd6 Rf8 27. Bb1 Nb7 28. f4
Nxd6 29. exd6 Rcc8 30. Bh4 Nc5 31. Be7 Rfe8 32. f5 f6 33. Bc2 Kh7 34. Rd4 Rg8
35. g4 Be8 36. Kg2 Nd7 37. b3 axb3 38. Bxb3 Ra8 39. a4 Nc5 40. Rb1 bxa4 41. Ba2
Bd7 42. c4 Rgb8 43. Rdd1 Ne4 44. Rdc1 d4 45. c5 Nc3 46. Rxb8 Rxb8 47. Be6 Rb7
48. Bd8 Nb5 49. Kf3 a3 50. Ke4 Ra7 51. Bb6 Rb7 52. Kd3 Nxd6 53. Bxd7 Rxd7 54.
cxd6 Rxd6 55. Bxd4 a2 56. Kc4 c5 57. Kxc5 Ra6 58. Ra1 Ra3 59. Rg1 Kg8 60. Kb4
Rd3 61. Bc3 Re3 62. Bb2 Kf8 63. Kc4 Re2 64. Kb3 Ke7 65. Kxa2 Kd6 66. Kb3 Kd5
67. Rd1+ Ke4 68. Rd7 1-0

[Event "Madrid ch Veteranos 2122"]
[Site "Madrid ESP"]
[Date "2022.04.05"]
[Round "7.23"]
[White "Lopez Manso, Jeronimo"]
[Black "Camarero Izquierdo, Juan Carlos"]
[Result "1-0"]
[WhiteElo "1410"]
[BlackElo "1861"]
[PlyCount "67"]
[EventDate "2022.03.28"]
[EventType "swiss"]
[EventRounds "9"]
[EventCountry "ESP"]
[SourceTitle "Ajedrez en Madrid"]
[Source "lmi"]
[SourceDate "2022.03.28"]
[SourceVersion "1"]
[SourceVersionDate "2022.04.18"]
[SourceQuality "1"]

1. f4 d5 2. e3 Nd7 3. b3 f5 4. Bb2 Ngf6 5. Nf3 e6 6. c4 c6 7. Nd4 Ne4 8. Nxe6
Qh4+ 9. g3 Nxg3 10. hxg3 Qxg3+ 11. Ke2 Bd6 12. Nxg7+ Kf7 13. Bh3 Ne5 14. fxe5
Bxe5 15. Nh5 Qg5 16. Bxe5 Qxh5+ 17. Kf2 Qh4+ 18. Bg3 Qf6 19. d4 Be6 20. Nd2
Rhg8 21. Nf3 dxc4 22. Ne5+ Ke8 23. Qh5+ Kf8 24. Bh4 Qg7 25. Rhg1 Bf7 26. Qxf5
cxb3 27. Rxg7 Rxg7 28. axb3 Kg8 29. Rg1 Bg6 30. Qe6+ Kf8 31. Nd7+ Rxd7 32. Qxd7
Re8 33. Bf6 Bf7 34. Qd6+ 1-0

[Event "Madrid ch Veteranos 2122"]
[Site "Madrid ESP"]
[Date "2022.04.05"]
[Round "7.24"]
[White "Medina Lucena, Emilio"]
[Black "Fernandez Garcia, Ignacio"]
[Result "1/2-1/2"]
[WhiteElo "1303"]
[BlackElo "1844"]
[PlyCount "131"]
[EventDate "2022.03.28"]
[EventType "swiss"]
[EventRounds "9"]
[EventCountry "ESP"]
[SourceTitle "Ajedrez en Madrid"]
[Source "lmi"]
[SourceDate "2022.03.28"]
[SourceVersion "1"]
[SourceVersionDate "2022.04.18"]
[SourceQuality "1"]

{[%evp 0,120,19,31,66,60,57,9,-2,-205,-24,-29,-2,-13,-29,-64,-63,-79,-56,-70,
-69,-92,-85,-102,-66,-56,-26,-8,-11,-28,-16,-36,-32,-44,-44,-41,-43,-44,-24,
-59,-31,-26,0,-49,-31,-94,39,39,52,23,23,26,26,16,34,14,25,16,13,24,18,12,15,
15,7,9,7,7,9,6,9,0,0,0,0,-2,-6,0,0,0,0,-1,0,0,0,0,0,0,0,0,0,0,0,8,92,0,0,5,2,0,
0,0,92,0,0,0,0,0,0,0,67,0,203,0,120,21,175,97,168,30,30,-96,470]} 1. d4 c5 2.
Nf3 Nf6 3. Bf4 cxd4 4. Nxd4 Nc6 5. e3 Qa5+ 6. c3 e5 7. Nxc6 dxc6 8. Bg5 Be6 9.
Bxf6 gxf6 10. Nd2 O-O-O 11. Qc2 f5 12. Bc4 Qc5 13. Bxe6+ fxe6 14. O-O-O Bg7 15.
Nb3 Qc4 16. Rxd8+ Rxd8 17. Rd1 Rd5 18. Kb1 b6 19. Rxd5 Qxd5 20. f3 Qc4 21. a3
Bh6 22. e4 f4 23. Nc1 Bf8 24. Qb3 Qxb3 25. Nxb3 Kd7 26. a4 Ke7 27. c4 Kf6 28.
a5 Bb4 29. axb6 axb6 30. Kc2 Be1 31. Kd1 Bf2 32. Nc1 Bg1 33. h3 Ke7 34. b3 Kd6
35. Kc2 Kc5 36. Nd3+ Kd4 37. b4 Be3 38. b5 cxb5 39. cxb5 h5 40. Nb4 Kc5 41.
Na6+ Kd6 42. Kd3 Bf2 43. Kc4 Ke7 44. Nc7 Kd7 45. Na6 Kc8 46. Nb4 Kd7 47. Na6
Bh4 48. Nb4 Kd6 49. Na6 Bf2 50. Nb4 Ke7 51. Nc6+ Kf6 52. Kd3 Bc5 53. Kc4 Bd6
54. Kd3 Bc7 55. Ke2 Kf7 56. Kf2 Ke8 57. g3 Kd7 58. g4 hxg4 59. hxg4 Kd6 60. g5
Kd7 61. Kg2 Ke8 62. Kh3 Kf7 63. Kg4 Kg6 64. Ne7+ Kf7 65. Nc6 Kg6 66. Ne7+
1/2-1/2

[Event "Madrid ch Veteranos 2122"]
[Site "Madrid ESP"]
[Date "2022.04.05"]
[Round "7.25"]
[White "Mendez Martinez, Miguel Angel"]
[Black "Jimenez Ascarza, Jose Ignacio"]
[Result "1-0"]
[WhiteElo "1763"]
[BlackElo "1445"]
[PlyCount "87"]
[EventDate "2022.03.28"]
[EventType "swiss"]
[EventRounds "9"]
[EventCountry "ESP"]
[SourceTitle "Ajedrez en Madrid"]
[Source "lmi"]
[SourceDate "2022.03.28"]
[SourceVersion "1"]
[SourceVersionDate "2022.04.18"]
[SourceQuality "1"]

1. c4 Nf6 2. d4 g6 3. Nc3 Bg7 4. g3 d6 5. Nf3 O-O 6. Bg2 Nbd7 7. O-O Re8 8. e4
e5 9. d5 a5 10. h3 Nc5 11. Qc2 Rf8 12. Be3 b6 13. b3 Bd7 14. a3 Ne8 15. b4 Nb7
16. Qd2 f5 17. Ng5 f4 18. gxf4 exf4 19. Bxf4 Bxc3 20. Qxc3 Rxf4 21. Ne6 Bxe6
22. dxe6 Qe7 23. e5 Rb8 24. Rab1 dxe5 25. Rbd1 Nbd6 26. c5 bxc5 27. bxc5 Nb5
28. Qxe5 Rf5 29. Qe3 Rxc5 30. Rd7 Qg5 31. e7 Ned6 32. Qe6+ Kg7 33. Rd8 Rxd8 34.
exd8=Q Qxd8 35. Re1 Qf6 36. Qd7+ Kf8 37. Qxh7 Rc2 38. Qh6+ Qg7 39. Qf4+ Nf5 40.
Qe4 Qd4 41. Qxc2 c5 42. Qe4 Nfd6 43. Qxd4 cxd4 44. Be4 1-0

[Event "Madrid ch Veteranos 2122"]
[Site "Madrid ESP"]
[Date "2022.04.05"]
[Round "7.28"]
[White "Martin Garcia, Francisco Javier"]
[Black "Ramos Antona, Enrique"]
[Result "0-1"]
[WhiteElo "1412"]
[BlackElo "1512"]
[PlyCount "56"]
[EventDate "2022.03.28"]
[EventType "swiss"]
[EventRounds "9"]
[EventCountry "ESP"]
[SourceTitle "Ajedrez en Madrid"]
[Source "lmi"]
[SourceDate "2022.03.28"]
[SourceVersion "1"]
[SourceVersionDate "2022.04.18"]
[SourceQuality "1"]

1. d4 Nf6 2. Bf4 e6 3. e3 Be7 4. Nd2 d5 5. Bd3 b6 6. Ngf3 Ba6 7. c4 O-O 8. Ne5
dxc4 9. Nexc4 Bb7 10. O-O Nd5 11. Bg3 Nf6 12. Rc1 Nbd7 13. Qe2 c5 14. Ne5 Rc8
15. f4 cxd4 16. exd4 Bd5 17. Bb1 Rc7 18. Rxc7 Qxc7 19. f5 Qb7 20. Nxd7 Qxd7 21.
fxe6 Qxe6 22. Qxe6 fxe6 23. Bh4 h6 24. Bf2 Ng4 25. h3 Nxf2 26. Rxf2 Bg5 27.
Rxf8+ Kxf8 28. Kf2 Bxd2 0-1

[Event "Madrid ch Veteranos 2122"]
[Site "Madrid ESP"]
[Date "2022.04.05"]
[Round "7.29"]
[White "Menendez Domens, Juan Manuel"]
[Black "Martinez Miura, Enrique"]
[Result "1-0"]
[WhiteElo "1449"]
[BlackElo "1601"]
[PlyCount "103"]
[EventDate "2022.03.28"]
[EventType "swiss"]
[EventRounds "9"]
[EventCountry "ESP"]
[SourceTitle "Ajedrez en Madrid"]
[Source "lmi"]
[SourceDate "2022.03.28"]
[SourceVersion "1"]
[SourceVersionDate "2022.04.18"]
[SourceQuality "1"]

1. d4 d5 2. Nf3 Nf6 3. e3 e6 4. Bd3 Be7 5. Nbd2 Nbd7 6. O-O O-O 7. Qe2 c5 8. c3
b6 9. e4 dxe4 10. Nxe4 Bb7 11. Re1 Re8 12. Nfg5 Nxe4 13. Nxe4 Nf6 14. Bb5 Nxe4
15. Bxe8 Qxe8 16. dxc5 Bxc5 17. Be3 Qc6 18. f3 Bxe3+ 19. Qxe3 Nf6 20. Rad1 Nd5
21. Qg5 h6 22. Qg3 Rc8 23. Rd4 Qc5 24. Re5 Ba6 25. Kh1 Qb5 26. Qf2 Rc4 27. Rd2
Qc6 28. h3 Qc7 29. Re1 Bb7 30. Red1 b5 31. a3 a6 32. g3 Qc5 33. Qe1 Ne3 34.
Rd8+ Kh7 35. R1d3 Nd5 36. Rd7 Qc8 37. Rxf7 Kg8 38. Rxb7 Qxb7 39. Qxe6+ Kh8 40.
Rxd5 Rc8 41. Qe4 Qf7 42. Qf5 Qc7 43. Qe5 Qc4 44. Rd1 Qc6 45. Kg2 Re8 46. Rd6
Qc8 47. Rxh6+ Kg8 48. Qd5+ Kf8 49. Rh8+ Ke7 50. Qe5+ Kf7 51. Rxe8 Qxe8 52.
Qxe8+ 1-0

[Event "Madrid ch Veteranos 2122"]
[Site "Madrid ESP"]
[Date "2022.04.05"]
[Round "7.30"]
[White "Fernandez Rodriguez, Juan Andres"]
[Black "Lopez Del Moral Lopez de, Rafael"]
[Result "0-1"]
[WhiteElo "1128"]
[BlackElo "1432"]
[PlyCount "50"]
[EventDate "2022.03.28"]
[EventType "swiss"]
[EventRounds "9"]
[EventCountry "ESP"]
[SourceTitle "Ajedrez en Madrid"]
[Source "lmi"]
[SourceDate "2022.03.28"]
[SourceVersion "1"]
[SourceVersionDate "2022.04.18"]
[SourceQuality "1"]

1. d4 d5 2. Bf4 Nf6 3. e3 Bf5 4. Nf3 e6 5. c4 Be7 6. Nc3 Nbd7 7. cxd5 exd5 8.
a3 O-O 9. Ne5 c6 10. b4 a5 11. Be2 axb4 12. axb4 Bxb4 13. Qc1 Ne4 14. O-O Rxa1
15. Qxa1 Nxc3 16. Qb2 Nxe2+ 17. Qxe2 Nxe5 18. Bxe5 Bd6 19. Bxd6 Qxd6 20. g4 Be6
21. f4 f5 22. gxf5 Bxf5 23. Qh5 Qg6+ 24. Qxg6 Bxg6 25. Rb1 Bxb1 0-1

[Event "Madrid ch Veteranos 2122"]
[Site "Madrid ESP"]
[Date "2022.04.06"]
[Round "8.1"]
[White "Longa Yauca, Javier"]
[Black "Barez Menendez, Hector"]
[Result "1-0"]
[WhiteElo "2239"]
[BlackElo "2062"]
[PlyCount "119"]
[EventDate "2022.03.28"]
[EventType "swiss"]
[EventRounds "9"]
[EventCountry "ESP"]
[SourceTitle "Ajedrez en Madrid"]
[Source "lmi"]
[SourceDate "2022.03.28"]
[SourceVersion "1"]
[SourceVersionDate "2022.04.18"]
[SourceQuality "1"]

1. c4 e6 2. d4 d5 3. Nf3 Nf6 4. Bg5 Be7 5. e3 O-O 6. Nc3 Nbd7 7. Rc1 c6 8. Qc2
a6 9. c5 e5 10. dxe5 Ne8 11. h4 h6 12. e6 fxe6 13. Qg6 e5 14. Bd3 e4 15. Nxe4
dxe4 16. Qe6+ Kh8 17. Bxe7 Qa5+ 18. Kf1 Rxf3 19. Qxe4 Ndf6 20. Qxf3 Bg4 21. Qf4
Qd2 22. Qc4 Nd5 23. Bg5 Nb4 24. Bg6 Be2+ 25. Qxe2 Qxc1+ 26. Qe1 Qxe1+ 27. Kxe1
hxg5 28. hxg5+ Kg8 29. Rh4 Nd5 30. Rd4 Nec7 31. Bf5 Re8 32. g4 Kf7 33. g6+ Kf6
34. Bc2 Nb5 35. Rd2 Nb4 36. Bb1 Nd5 37. Kf1 Nbc7 38. a3 a5 39. Rd4 Ne6 40. Re4
Rh8 41. Kg2 Nxc5 42. Rc4 Nd7 43. Kg3 Ne5 44. Ra4 b6 45. e4 Ne7 46. f4 N5xg6 47.
Rd4 Re8 48. Rd6+ Kf7 49. e5 Rc8 50. Rd7 Kf8 51. Rb7 b5 52. e6 Rd8 53. Be4 Rc8
54. b3 Ke8 55. f5 Nf8 56. Kf4 Nd5+ 57. Bxd5 cxd5 58. Ke5 Rc3 59. Rxg7 Rxb3 60.
Rb7 1-0

[Event "Madrid ch Veteranos 2122"]
[Site "Madrid ESP"]
[Date "2022.04.06"]
[Round "8.2"]
[White "Rojas Pozo, Jose Luis"]
[Black "Candela Perez, Jose"]
[Result "1/2-1/2"]
[WhiteElo "1856"]
[BlackElo "2339"]
[PlyCount "67"]
[EventDate "2022.03.28"]
[EventType "swiss"]
[EventRounds "9"]
[EventCountry "ESP"]
[SourceTitle "Ajedrez en Madrid"]
[Source "lmi"]
[SourceDate "2022.03.28"]
[SourceVersion "1"]
[SourceVersionDate "2022.04.18"]
[SourceQuality "1"]

1. d4 d5 2. c4 e6 3. Nc3 c6 4. e3 f5 5. Nf3 Nf6 6. Be2 Bd6 7. Ne5 O-O 8. f4 b6
9. O-O Bb7 10. cxd5 exd5 11. Bd2 Nbd7 12. Be1 Qe8 13. Bh4 a6 14. h3 Ne4 15.
Nxe4 fxe4 16. Bh5 g6 17. Nxd7 Qxd7 18. Bg4 Qg7 19. Be6+ Kh8 20. Qb3 Rae8 21.
Bg4 Qc7 22. Be1 h5 23. Be2 c5 24. Bc3 Kh7 25. Qd1 c4 26. Bxh5 gxh5 27. Qxh5+
Kg7 28. f5 Qe7 29. Qg6+ Kh8 30. Qh6+ Kg8 31. Qg6+ Kh8 32. Qh6+ Kg8 33. Qg6+ Kh8
34. Qh6+ 1/2-1/2

[Event "Madrid ch Veteranos 2122"]
[Site "Madrid ESP"]
[Date "2022.04.06"]
[Round "8.3"]
[White "Moreno Torrero, Javier"]
[Black "Herrero Reques, Sergio"]
[Result "1/2-1/2"]
[WhiteElo "1952"]
[BlackElo "2029"]
[PlyCount "37"]
[EventDate "2022.03.28"]
[EventType "swiss"]
[EventRounds "9"]
[EventCountry "ESP"]
[SourceTitle "Ajedrez en Madrid"]
[Source "lmi"]
[SourceDate "2022.03.28"]
[SourceVersion "1"]
[SourceVersionDate "2022.04.18"]
[SourceQuality "1"]

1. d4 Nf6 2. c4 e6 3. Nf3 b6 4. g3 Bb4+ 5. Nbd2 Bb7 6. Bg2 O-O 7. O-O d5 8. Ne5
c5 9. Ndf3 cxd4 10. Qxd4 Nc6 11. Nxc6 Bxc6 12. Bg5 Bc5 13. Qd3 dxc4 14. Qxc4
Rc8 15. Qh4 h6 16. Bxf6 Qxf6 17. Qxf6 gxf6 18. e3 Rfd8 19. Rfd1 1/2-1/2

[Event "Madrid ch Veteranos 2122"]
[Site "Madrid ESP"]
[Date "2022.04.06"]
[Round "8.4"]
[White "Pastor Alonso De Prado, Alberto"]
[Black "Martin Martin, Luis Vicente"]
[Result "1/2-1/2"]
[WhiteElo "2106"]
[BlackElo "1927"]
[PlyCount "58"]
[EventDate "2022.03.28"]
[EventType "swiss"]
[EventRounds "9"]
[EventCountry "ESP"]
[SourceTitle "Ajedrez en Madrid"]
[Source "lmi"]
[SourceDate "2022.03.28"]
[SourceVersion "1"]
[SourceVersionDate "2022.04.18"]
[SourceQuality "1"]

1. Nf3 d5 2. c4 c6 3. b3 Bf5 4. Bb2 e6 5. e3 h6 6. Nc3 Nf6 7. d4 Nbd7 8. Bd3
Ne4 9. O-O Nxc3 10. Bxc3 Bxd3 11. Qxd3 f5 12. g4 Qf6 13. gxf5 exf5 14. cxd5
Qg6+ 15. Kh1 Qh5 16. Qd1 cxd5 17. Ne5 Qxd1 18. Rfxd1 Bd6 19. Rac1 Ba3 20. Rc2
Rc8 21. Rdd2 Nxe5 22. dxe5 Kf7 23. e6+ Kg6 24. f4 Rhe8 25. Rg2+ Kh5 26. Bxg7
Rxc2 27. Rxc2 Rxe6 28. Bd4 a6 29. Kg2 Rc6 1/2-1/2

[Event "Madrid ch Veteranos 2122"]
[Site "Madrid ESP"]
[Date "2022.04.06"]
[Round "8.5"]
[White "Martin Rodriguez, Emilio"]
[Black "Garcia Galeote, Lorenzo"]
[Result "1/2-1/2"]
[WhiteElo "2032"]
[BlackElo "1862"]
[PlyCount "101"]
[EventDate "2022.03.28"]
[EventType "swiss"]
[EventRounds "9"]
[EventCountry "ESP"]
[SourceTitle "Ajedrez en Madrid"]
[Source "lmi"]
[SourceDate "2022.03.28"]
[SourceVersion "1"]
[SourceVersionDate "2022.04.18"]
[SourceQuality "1"]

1. d4 Nf6 2. Nf3 g6 3. Bg5 Bg7 4. c3 O-O 5. Nbd2 h6 6. Bh4 d6 7. e4 g5 8. Bg3
Nh5 9. Nc4 Nxg3 10. hxg3 c5 11. dxc5 dxc5 12. Qc2 e6 13. e5 f5 14. exf6 Qxf6
15. Ne3 Rd8 16. Ng4 Qf5 17. Nxh6+ Bxh6 18. Qxf5 exf5 19. Rxh6 Kg7 20. Rh5 g4
21. Nh4 Nc6 22. Be2 Ne7 23. f3 gxf3 24. gxf3 Be6 25. g4 Rh8 26. Rxh8 Rxh8 27.
Nxf5+ Nxf5 28. gxf5 Rh1+ 29. Bf1 Bxf5 30. Kf2 Bh3 31. Rd1 Bxf1 32. Rxf1 Rh2+
33. Ke3 Rxb2 34. Rf2 Rb1 35. Kd3 b5 36. Kc2 Re1 37. Rd2 Re7 38. Rd5 Rc7 39. Rd6
b4 40. Kb3 bxc3 41. Kxc3 Rf7 42. Rd3 Rf4 43. Rd7+ Kf6 44. Rxa7 Ke6 45. Kd3
Rxf3+ 46. Kc4 Rf5 47. a4 Kd6 48. Ra6+ Kc7 49. a5 Kb7 50. Rh6 Ka7 51. Kb5
1/2-1/2